Retail warehousing performed strongly in 2003 (Record no. 117120)
[ view plain ]
| 000 -LEADER | |
|---|---|
| fixed length control field | 01135cam a2200229 4500 |
| 001 - CONTROL NUMBER | |
| control field | WB4011-06 |
| 008 - FIXED-LENGTH DATA ELEMENTS--GENERAL INFORMATION | |
| fixed length control field | 040318n2004 000 0 eng u |
| 035 ## - SYSTEM CONTROL NUMBER | |
| System control number | (Sirsi) u125481 |
| 245 ## - TITLE STATEMENT | |
| Title | Retail warehousing performed strongly in 2003 |
| 260 ## - PUBLICATION, DISTRIBUTION, ETC. | |
| Date of publication, distribution, etc. | 2004 |
| 490 ## - SERIES STATEMENT | |
| Series statement | FPD Savills Research |
| Volume/sequential designation | March 2004 (6) |
| 520 ## - SUMMARY, ETC. | |
| Summary, etc. | Retail warehousing was amongst the best performing commercial property sub sectors in 2003 according to FPD Savillls "Retail warehousing quarterly report February 2004". It delivered an average annual return of 15.9% on the IPD monthly index and 16.4% on the IPD annual index. Demand will outstrip supply again in 2004. Rental growth in the sector will slow to around 3.0% Per annum. Further pressure on yields will keep returns to around 10% per annum for 2004-08. The report is available upon free registration at http://www.fpdsavills.co.uk/research.asp. |
| 590 ## - LOCAL NOTE (RLIN) | |
| Local note | WB |
| 590 ## - LOCAL NOTE (RLIN) | |
| Local note | WB |
| 650 ## - SUBJECT ADDED ENTRY--TOPICAL TERM | |
| Topical term or geographic name entry element | RETAIL WAREHOUSING |
| 650 ## - SUBJECT ADDED ENTRY--TOPICAL TERM | |
| Topical term or geographic name entry element | RETAIL WAREHOUSES |
| 650 ## - SUBJECT ADDED ENTRY--TOPICAL TERM | |
| Topical term or geographic name entry element | INVESTMENT RETURNS |
| 650 ## - SUBJECT ADDED ENTRY--TOPICAL TERM | |
| Topical term or geographic name entry element | RENTAL GROWTH |
| 650 ## - SUBJECT ADDED ENTRY--TOPICAL TERM | |
| Topical term or geographic name entry element | YIELDS |
| 690 ## - LOCAL SUBJECT ADDED ENTRY--TOPICAL TERM (OCLC, RLIN) | |
| Topical term or geographic name as entry element | COMMERCIAL PROPERTY-INVESTMENT |
| 942 ## - ADDED ENTRY ELEMENTS (KOHA) | |
| Suppress in OPAC | 0 |
| Withdrawn status | Lost status | Source of classification or shelving scheme | Damaged status | Not for loan | Home library | Current library | Shelving location | Date acquired | Total Checkouts | Full call number | Barcode | Date last seen | Copy number | Price effective from | Koha item type |
|---|---|---|---|---|---|---|---|---|---|---|---|---|---|---|---|
| Dewey Decimal Classification | London | London | News article | 18/03/2004 | WB4011-06 | 125481-1001 | 06/08/2019 | 1 | 06/08/2019 | News article |